Mondiale di Calcio 2026 - Statistics

Statistiche generali
  • Questo quiz è stato fatto 158 volte
  • Il punteggio medio è 34 su 48
Statistiche sulle risposte
Risposta % Corretto
Spagna
94%
Stati Uniti
94%
Brasile
93%
Germania
93%
Argentina
92%
Francia
92%
Bosnia Erzegovina
90%
Canada
89%
Messico
89%
Portogallo
88%
Iran
86%
Giappone
84%
Marocco
84%
Norvegia
84%
Svezia
81%
Svizzera
81%
Inghilterra
80%
Turchia
80%
Qatar
78%
Uruguay
78%
Belgio
76%
Egitto
76%
Paesi Bassi
76%
Australia
72%
Senegal
71%
Colombia
70%
Corea del Sud
69%
Algeria
66%
Curacao
66%
Iraq
66%
Austria
64%
Croazia
64%
Paraguay
64%
Arabia Saudita
61%
Sudafrica
61%
Scozia
59%
Tunisia
59%
Ecuador
58%
Haiti
56%
Ghana
55%
Nuova Zelanda
55%
Repubblica Ceca
55%
Repubblica Democratica del Congo
55%
Capo Verde
51%
Costa d'Avorio
49%
Panama
45%
Uzbekistan
41%
Giordania
33%
Nessun quiz corrispondente trovato
Distribuzione punteggi
Percentuale di utenti per punteggio
Percentile per numero di risposta
I tuoi punteggi nel tempo
Non hai fatto questo quiz